[Event "Pardubice Czech op"]
[Site "Pardubice"]
[Date "2001.07.21"]
[Round "2"]
[White "Dolinskij, Boris"]
[Black "Stefansson, Hannes"]
[Result "0-1"]
[WhiteElo "2374"]
[BlackElo "2586"]
[PlyCount "130"]
[EventDate "2001.07.20"]
[EventType "swiss"]
[EventRounds "9"]
[EventCountry "CZE"]
[SourceTitle "CBM 083 Extra"]
[Source "ChessBase"]
[SourceDate "2001.09.11"]
[SourceVersion "1"]
[SourceVersionDate "2001.09.11"]
[SourceQuality "1"]

1. d4 Nf6 2. c4 e6 3. Nf3 b6 4. g3 Ba6 5. b3 d5 6. Bg2 Bb4+ 7. Bd2 Bd6 8. Qc2 0-0 9. 0-0 Nbd7 10. Bg5 h6 11. Bxf6 Nxf6 12. Nbd2 c5 13. e4 dxe4 14. Nxe4 Nxe4 15. Qxe4 Qc7 16. Rad1 Bb7 17. d5 exd5 18. cxd5 Rfe8 19. Qd3 Rad8 20. Rfe1 Qd7 21. Rxe8+ Rxe8 22. Re1 Rd8 23. Rd1 Qc8 24. Re1 Ba6 25. Qc3 Qf5 26. Ne5 Qf6 27. Qe3 Bxe5 28. Qxe5 Qxe5 29. Rxe5 Kf8 30. Re1 Re8 31. Rd1 Ke7 32. d6+ Kd7 33. Bh3+ Kd8 34. Bg2 Be2 35. Rd2 Bg4 36. Bc6 Re1+ 37. Kg2 Bd7 38. Bd5 Be6 39. Bc6 Rc1 40. Kf3 c4 41. bxc4 Rxc4 42. Be4 Ra4 43. Bb1 Kd7 44. Ke3 Ra3+ 45. Kf4 Ra5 46. h4 Bd5 47. g4 Kxd6 48. Be4 Rc5 49. h5 b5 50. Bxd5 Rxd5 51. Rc2 Rc5 52. Rd2+ Kc7 53. Re2 Kb6 54. Re7 Rc7 55. Re8 Rc2 56. Rg8 Rxa2 57. Rxg7 Rxf2+ 58. Kg3 Rf6 59. g5 hxg5 60. Kg4 b4 61. Kxg5 Rf1 62. h6 b3 63. h7 Rh1 64. Rxf7 b2 65. Rf6+ Ka5 0-1

[Event "RUS-chJ U18"]
[Site "Russia"]
[Date "2000.??.??"]
[Round "?"]
[White "Dolinskij, Boris"]
[Black "Timofeev, Artyom"]
[Result "0-1"]
[WhiteElo "2362"]
[BlackElo "2425"]
[PlyCount "82"]
[EventDate "2000.??.??"]
[EventType "swiss"]
[EventRounds "11"]
[EventCountry "RUS"]
[SourceTitle "EXT 2001"]
[Source "ChessBase"]
[SourceDate "2000.11.22"]
[SourceVersion "1"]
[SourceVersionDate "2000.11.22"]
[SourceQuality "1"]

1. Nf3 c5 2. e3 Nf6 3. d4 g6 4. dxc5 Qa5+ 5. Nbd2 Bg7 6. a3 Qxc5 7. b4 Qc7 8. Bb2 0-0 9. c4 b6 10. Be2 Bb7 11. Rc1 d6 12. 0-0 Nbd7 13. Nd4 Rac8 14. Bf3 Ne5 15. Bxb7 Qxb7 16. Qe2 Rfd8 17. e4 Nc6 18. N4b3 a5 19. b5 Nb8 20. Ba1 e5 21. a4 Nbd7 22. f3 Bh6 23. Rc2 Nh5 24. g3 Ng7 25. Nb1 Qc7 26. Rd1 Ne6 27. Rd5 Ndc5 28. Nxc5 Nxc5 29. Ra2 Nb3 30. Rc2 Nxa1 31. Rc3 Nb3 32. Rxb3 Qxc4 33. Rdd3 Qxa4 34. Kg2 Rc5 35. Qb2 Bc1 36. Qe2 Rdc8 37. Rbc3 Qxb5 38. Qc2 Bb2 39. Rxc5 Rxc5 40. Qe2 Bc1 41. Nd2 Rc2 0-1

[Event "RUS-chJ U18"]
[Site "Russia"]
[Date "2000.??.??"]
[Round "?"]
[White "Dolinskij, Boris"]
[Black "Voinov, Alexandr"]
[Result "1-0"]
[WhiteElo "2362"]
[BlackElo "2232"]
[PlyCount "89"]
[EventDate "2000.??.??"]
[EventType "swiss"]
[EventRounds "11"]
[EventCountry "RUS"]
[SourceTitle "EXT 2001"]
[Source "ChessBase"]
[SourceDate "2000.11.22"]
[SourceVersion "1"]
[SourceVersionDate "2000.11.22"]
[SourceQuality "1"]

1. d4 d6 2. c4 e5 3. Nf3 e4 4. Ng5 f5 5. g3 Be7 6. Nh3 Nf6 7. Nc3 0-0 8. Bg2 d5 9. cxd5 Nxd5 10. Nf4 Nxf4 11. Bxf4 Bf6 12. 0-0 Be6 13. d5 Bf7 14. Qb3 b6 15. Rfd1 Nd7 16. g4 Nc5 17. Qc2 Bxc3 18. Qxc3 Bxd5 19. Bxc7 Qxc7 20. Rxd5 fxg4 21. Qe3 Qf7 22. Rd4 Rae8 23. b3 a5 24. Rf1 Qf5 25. Rd6 Re6 26. Rfd1 Ref6 27. Rxf6 Qxf6 28. Rd4 Ne6 29. Rxe4 Nf4 30. Re5 Qd6 31. Re8 Qd1+ 32. Bf1 Nh3+ 33. Kg2 Qd5+ 34. f3 Nf4+ 35. Kf2 Ng6 36. Rxf8+ Kxf8 37. Qxb6 Qe5 38. Kg1 gxf3 39. exf3 Qg5+ 40. Kh1 Ne5 41. Qxa5 Qf4 42. Qa8+ Ke7 43. Qe4 Qxf3+ 44. Qxf3 Nxf3 45. Kg2 1-0

[Event "RUS-chJ U18"]
[Site "Russia"]
[Date "2000.??.??"]
[Round "?"]
[White "Stepanov, Evgeny"]
[Black "Dolinskij, Boris"]
[Result "0-1"]
[WhiteElo "2256"]
[BlackElo "2362"]
[PlyCount "64"]
[EventDate "2000.??.??"]
[EventType "swiss"]
[EventRounds "11"]
[EventCountry "RUS"]
[SourceTitle "EXT 2001"]
[Source "ChessBase"]
[SourceDate "2000.11.22"]
[SourceVersion "1"]
[SourceVersionDate "2000.11.22"]
[SourceQuality "1"]

1. d4 d5 2. c4 e6 3. Nc3 c6 4. Nf3 dxc4 5. a4 Bb4 6. e3 b5 7. Bd2 a5 8. axb5 Bxc3 9. Bxc3 cxb5 10. b3 Bb7 11. d5 Nf6 12. bxc4 b4 13. Bxf6 Qxf6 14. Qa4+ Nd7 15. Nd4 e5 16. Nb3 Ke7 17. Be2 Rhc8 18. Rd1 Qd6 19. f4 e4 20. 0-0 Nc5 21. Nxc5 Rxc5 22. Qa1 Kf8 23. Qe5 Qxe5 24. fxe5 b3 25. Rf4 a4 26. Rdf1 f6 27. exf6 g6 28. Rxe4 Rc7 29. Re6 a3 30. Rb6 b2 31. Kf2 Bxd5 32. cxd5 Rc1 0-1

[Event "Centrocoop Sept op"]
[Site "Eforie Nord"]
[Date "1999.09.??"]
[Round "?"]
[White "Kutnik, Alexandru"]
[Black "Dolinskij, Boris"]
[Result "0-1"]
[WhiteElo "2193"]
[BlackElo "2376"]
[PlyCount "120"]
[EventDate "1999.09.??"]
[EventType "swiss"]
[EventRounds "11"]
[EventCountry "ROU"]
[SourceTitle "EXT 2004"]
[Source "ChessBase"]
[SourceDate "2003.11.25"]
[SourceVersion "1"]
[SourceVersionDate "2003.11.25"]
[SourceQuality "1"]

1. e4 c5 2. Nf3 e6 3. d3 Nc6 4. Qe2 Nge7 5. g3 g6 6. Bg2 Bg7 7. 0-0 d5 8. Re1 b6 9. e5 h6 10. c3 g5 11. h3 Ba6 12. Qd1 Qc7 13. d4 Rc8 14. Be3 cxd4 15. cxd4 Qd7 16. a3 Na5 17. Nbd2 Bd3 18. Rc1 Rxc1 19. Qxc1 0-0 20. Qc3 Bh7 21. b4 Rc8 22. Qa1 Nc4 23. Rc1 Rc7 24. Rc3 Qc8 25. Qc1 Bf8 26. Bf1 b5 27. Nb3 Nc6 28. h4 a5 29. Nxa5 N6xa5 30. bxa5 b4 31. axb4 Bxb4 32. Bxc4 Bxc3 33. Qxc3 Rxc4 34. Qd2 Ra4 35. Qb2 Rxa5 36. hxg5 Be4 37. Ne1 h5 38. g6 Bxg6 39. Bg5 Qa8 40. Bf6 Ra1 41. Qc3 Kh7 42. Kg2 Be4+ 43. f3 Qa2+ 44. Kh3 Bf5+ 45. g4 hxg4+ 46. Kg3 Qb1 47. Ng2 Qd1 48. Nh4 Qe1+ 49. Qxe1 Rxe1 50. fxg4 Be4 51. Be7 Re3+ 52. Kf4 Rd3 53. Bc5 Rh3 54. Be7 Kg7 55. Kg5 Rh1 56. Kf4 Bc2 57. Ng2 Be4 58. Nh4 Bc2 59. Ng2 Rd1 60. Bc5 f6 0-1

[Event "Pardubice KB op"]
[Site "Pardubice"]
[Date "1999.07.24"]
[Round "9"]
[White "Dolinskij, Boris"]
[Black "Hasangatin, Ramil"]
[Result "0-1"]
[WhiteElo "2359"]
[BlackElo "2449"]
[PlyCount "94"]
[EventDate "1999.07.11"]
[EventType "swiss"]
[EventRounds "9"]
[EventCountry "CZE"]
[SourceTitle "EXT 2000"]
[Source "ChessBase"]
[SourceDate "1999.11.16"]
[SourceVersion "1"]
[SourceVersionDate "1999.11.16"]
[SourceQuality "1"]

1. d4 d5 2. c4 c6 3. cxd5 cxd5 4. Nc3 Nf6 5. Bf4 Qb6 6. Qd2 Nc6 7. e3 Bf5 8. a3 e6 9. Nf3 Be7 10. Be2 0-0 11. 0-0 Rfc8 12. Na4 Qa5 13. Qxa5 Nxa5 14. Rac1 Nc4 15. Nh4 Bg4 16. Bxc4 dxc4 17. h3 Be2 18. Rfe1 Bd3 19. Nf3 Nd5 20. Ne5 Nxf4 21. exf4 Rd8 22. Nxd3 cxd3 23. Re4 Rac8 24. Nc5 Bxc5 25. dxc5 d2 26. Rd1 Rxc5 27. Kf1 a5 28. b4 Rc3 29. bxa5 Rxa3 30. Rb4 Rd7 31. Ke2 Rxa5 32. Rxd2 Rxd2+ 33. Kxd2 Rd5+ 34. Ke3 b5 35. g4 Kf8 36. Ke4 g6 37. f3 Ke7 38. Rb1 Kd6 39. Ra1 b4 40. Rb1 Kc5 41. Rc1+ Kb5 42. Rc7 f5+ 43. Ke3 b3 44. Rxh7 Kb6 45. Rh8 Kb7 46. Rh7+ Kc6 47. Rh8 b2 0-1

[Event "Pardubice KB op"]
[Site "Pardubice"]
[Date "1999.07.19"]
[Round "4"]
[White "Dolinskij, Boris"]
[Black "Yevseev, Denis"]
[Result "0-1"]
[WhiteElo "2359"]
[BlackElo "2539"]
[PlyCount "76"]
[EventDate "1999.07.11"]
[EventType "swiss"]
[EventRounds "9"]
[EventCountry "CZE"]
[SourceTitle "EXT 2000"]
[Source "ChessBase"]
[SourceDate "1999.11.16"]
[SourceVersion "1"]
[SourceVersionDate "1999.11.16"]
[SourceQuality "1"]

1. d4 d5 2. c4 c6 3. Nf3 Nf6 4. Nc3 e6 5. e3 Nbd7 6. Qc2 Bd6 7. b3 0-0 8. Be2 dxc4 9. bxc4 e5 10. 0-0 Re8 11. a4 exd4 12. exd4 Nf8 13. Bg5 Ng6 14. Bd3 Bg4 15. Nd2 Bf4 16. Bxf4 Nxf4 17. Nb3 Bh5 18. Rfe1 Bg6 19. Bxg6 hxg6 20. Qd2 Qd6 21. g3 Qb4 22. Nc5 b6 23. Qxf4 Rxe1+ 24. Rxe1 Qxc3 25. Rc1 Qa3 26. Na6 Re8 27. d5 cxd5 28. cxd5 Nxd5 29. Qc4 Nf6 30. Rd1 Qf3 31. Rf1 Ne4 32. Qc6 Rd8 33. Qc7 Rd5 34. Nb4 Rf5 35. Qc2 Ng5 36. Rd1 Nh3+ 37. Kf1 Qh1+ 38. Ke2 Rxf2+ 0-1

[Event "Pardubice KB op"]
[Site "Pardubice"]
[Date "1999.07.18"]
[Round "3"]
[White "Dolinskij, Boris"]
[Black "Luther, Thomas"]
[Result "1/2-1/2"]
[WhiteElo "2359"]
[BlackElo "2507"]
[PlyCount "113"]
[EventDate "1999.07.11"]
[EventType "swiss"]
[EventRounds "9"]
[EventCountry "CZE"]
[SourceTitle "EXT 2000"]
[Source "ChessBase"]
[SourceDate "1999.11.16"]
[SourceVersion "1"]
[SourceVersionDate "1999.11.16"]
[SourceQuality "1"]

1. d4 e6 2. c4 Nf6 3. Nc3 d5 4. Nf3 c5 5. cxd5 Nxd5 6. g3 cxd4 7. Nxd5 Qxd5 8. Qxd4 Qb5 9. e4 Qb4+ 10. Qxb4 Bxb4+ 11. Bd2 Nc6 12. Bb5 Bd7 13. Bxb4 Nxb4 14. Bxd7+ Kxd7 15. 0-0-0+ Ke7 16. a3 Rac8+ 17. Kb1 Na6 18. Nd4 Nc5 19. f3 Rhd8 20. e5 a6 21. Rd2 g6 22. Rc1 Nd7 23. Rxc8 Rxc8 24. f4 g5 25. Rc2 Rxc2 26. Kxc2 gxf4 27. gxf4 f6 28. exf6+ Kxf6 29. Kd3 e5 30. Ne2 Kf5 31. fxe5 Kxe5 32. b4 b5 33. Nd4 Kd5 34. Nf3 h6 35. h3 Nf8 36. Nd4 Ng6 37. Nf5 Nf4+ 38. Ke3 Nxh3 39. Nxh6 Kc4 40. Nf7 Kb3 41. Ne5 Ng5 42. Nd3 Kxa3 43. Nc5 Kxb4 44. Nxa6+ Kc4 45. Kd2 Ne6 46. Kc2 Nc5 47. Nxc5 Kxc5 48. Kb3 b4 49. Kb2 Kc4 50. Kc2 b3+ 51. Kb2 Kb4 52. Kb1 Ka3 53. Ka1 Kb4 54. Kb2 Kc4 55. Kb1 Kc3 56. Kc1 b2+ 57. Kb1 1/2-1/2

[Event "RUS-Cup03 Geller Memorial"]
[Site "Moscow"]
[Date "1999.02.14"]
[Round "5"]
[White "Dolinskij, Boris"]
[Black "Tosic, Miroslav"]
[Result "1-0"]
[WhiteElo "2376"]
[BlackElo "2517"]
[PlyCount "115"]
[EventDate "1999.02.10"]
[EventType "swiss"]
[EventRounds "9"]
[EventCountry "RUS"]
[SourceTitle "CBM 070"]
[Source "ChessBase"]
[SourceDate "1999.06.08"]
[SourceVersion "1"]
[SourceVersionDate "1999.06.08"]
[SourceQuality "1"]

1. d4 Nf6 2. c4 e6 3. Nf3 b6 4. g3 Bb7 5. Bg2 g6 6. 0-0 Bg7 7. Nc3 Ne4 8. Nxe4 Bxe4 9. Bg5 Qc8 10. Qd2 h6 11. Bf4 d6 12. h4 Nd7 13. Rac1 Qb7 14. b4 Rd8 15. Rfd1 Nf6 16. Ne1 Bxg2 17. Nxg2 Ne4 18. Qe3 Nf6 19. Qd2 a6 20. a4 Rd7 21. Qc2 0-0 22. c5 dxc5 23. dxc5 Rxd1+ 24. Qxd1 Nd5 25. c6 Qc8 26. b5 Nc3 27. Qd3 Nxa4 28. bxa6 Nc5 29. Rxc5 bxc5 30. Qb5 c4 31. Qxc4 Rd8 32. Be3 Rd1+ 33. Kh2 Ra1 34. a7 Qd8 35. Qb3 Kh7 36. h5 Qd6 37. hxg6+ fxg6 38. Qc2 Qd5 39. f3 Be5 40. Nh4 Bxg3+ 41. Kxg3 Qe5+ 42. Bf4 Qf6 43. Qd3 Rxa7 44. Qd7+ Kg8 45. Bxc7 g5 46. Ng2 h5 47. Qd8+ Qxd8 48. Bxd8 Ra6 49. c7 Rc6 50. Ne1 Kf7 51. Nd3 Ke8 52. Ne5 Rc2 53. Ng6 Kd7 54. Ne7 Rxc7 55. Bxc7 Kxe7 56. f4 g4 57. Kh4 Kf6 58. e4 1-0

[Event "RUS-Cup03 Geller Memorial"]
[Site "Moscow"]
[Date "1999.02.13"]
[Round "4"]
[White "Iskusnyh, Sergei"]
[Black "Dolinskij, Boris"]
[Result "1-0"]
[WhiteElo "2486"]
[BlackElo "2376"]
[PlyCount "61"]
[EventDate "1999.02.10"]
[EventType "swiss"]
[EventRounds "9"]
[EventCountry "RUS"]
[SourceTitle "CBM 070"]
[Source "ChessBase"]
[SourceDate "1999.06.08"]
[SourceVersion "1"]
[SourceVersionDate "1999.06.08"]
[SourceQuality "1"]

1. Nf3 d5 2. d4 e6 3. c4 dxc4 4. e3 Nf6 5. Bxc4 c5 6. Qe2 a6 7. dxc5 Bxc5 8. e4 b5 9. Bd3 Nbd7 10. 0-0 Bb7 11. a4 b4 12. Nbd2 Qc7 13. Nc4 0-0 14. Bg5 Rac8 15. Rac1 Qb8 16. Na5 Ba8 17. Bxa6 Bxe4 18. Bxc8 Rxc8 19. Nb3 Bd6 20. Nbd2 Bd5 21. Bh4 e5 22. Bg3 Nh5 23. Nc4 Nxg3 24. hxg3 Re8 25. Rfd1 Bxc4 26. Qxc4 e4 27. Ng5 e3 28. Qxf7+ Kh8 29. Qxd7 exf2+ 30. Kf1 Bxg3 31. Qxe8+ 1-0

[Event "RUS-Cup03 Geller Memorial"]
[Site "Moscow"]
[Date "1999.02.08"]
[Round "7"]
[White "Dolinskij, Boris"]
[Black "Grachev, Boris V"]
[Result "0-1"]
[WhiteElo "2376"]
[BlackElo "2192"]
[PlyCount "40"]
[EventDate "1999.02.10"]
[EventType "swiss"]
[EventRounds "9"]
[EventCountry "RUS"]
[SourceTitle "CBM 070"]
[Source "ChessBase"]
[SourceDate "1999.06.08"]
[SourceVersion "1"]
[SourceVersionDate "1999.06.08"]
[SourceQuality "1"]

1. d4 d5 2. c4 e6 3. Nc3 c6 4. e3 Nf6 5. Nf3 Nbd7 6. Qc2 Bd6 7. b3 0-0 8. Be2 Qe7 9. 0-0 b6 10. e4 dxe4 11. Nxe4 Nxe4 12. Qxe4 Bb7 13. Ne5 f5 14. Qe3 c5 15. Bb2 cxd4 16. Bxd4 f4 17. Qh3 Bxe5 18. Bd3 g6 19. Rae1 Bxd4 20. Rxe6 Qg7 0-1

[Event "Moscow Petrosian Memorial U18"]
[Site "Moscow"]
[Date "1998.??.??"]
[Round "?"]
[White "Chasovnikova, Eugenia"]
[Black "Dolinskij, Boris"]
[Result "0-1"]
[WhiteElo "2275"]
[BlackElo "2270"]
[PlyCount "112"]
[EventDate "1998.??.??"]
[EventType "swiss"]
[EventRounds "9"]
[EventCountry "RUS"]
[SourceTitle "EXT 1999"]
[Source "ChessBase"]
[SourceDate "1998.11.16"]
[SourceVersion "1"]
[SourceVersionDate "1998.11.16"]
[SourceQuality "1"]

1. Nf3 d5 2. g3 c5 3. Bg2 g6 4. c4 d4 5. e3 Bg7 6. exd4 cxd4 7. b4 a5 8. b5 Nd7 9. Ba3 d3 10. Nc3 Qc7 11. Rc1 Ngf6 12. 0-0 Qxc4 13. Re1 0-0 14. Bxe7 Re8 15. Ne4 Qd5 16. Nxf6+ Bxf6 17. Bxf6 Nxf6 18. Rxe8+ Nxe8 19. a4 Bf5 20. Rc3 Be4 21. Ne1 Bxg2 22. Rxd3 Qf5 23. Kxg2 Rc8 24. Qb3 Qe4+ 25. Rf3 Nd6 26. Nd3 Nf5 27. Nb2 Rc1 28. Nd3 Qxf3+ 29. Kxf3 Nd4+ 30. Ke3 Nxb3 31. Nxc1 Nxc1 32. Kd4 Nb3+ 33. Kd5 Kf8 34. Kd6 Ke8 35. Kc7 Nc5 36. Kb6 Nxa4+ 37. Kxa5 Nb2 38. Kb6 Nc4+ 39. Kxb7 Nxd2 40. b6 Nc4 41. Kc7 Na5 42. Kd6 Kd8 43. f4 Nb7+ 44. Kc6 Kc8 45. g4 h6 46. h4 Na5+ 47. Kd6 Kd8 48. Kc5 Kd7 49. Kd5 Nb7 50. h5 gxh5 51. gxh5 Nd6 52. Ke5 Ke7 53. Kd5 f6 54. Kc6 Nc4 55. f5 Nxb6 56. Kxb6 Kd6 0-1

[Event "Moscow Petrosian Memorial U18"]
[Site "Moscow"]
[Date "1998.??.??"]
[Round "?"]
[White "Dolinskij, Boris"]
[Black "Kuznetsov, Lev"]
[Result "1/2-1/2"]
[WhiteElo "2270"]
[BlackElo "2240"]
[PlyCount "82"]
[EventDate "1998.??.??"]
[EventType "swiss"]
[EventRounds "9"]
[EventCountry "RUS"]
[SourceTitle "EXT 1999"]
[Source "ChessBase"]
[SourceDate "1998.11.16"]
[SourceVersion "1"]
[SourceVersionDate "1998.11.16"]
[SourceQuality "1"]

1. d4 d5 2. c4 c6 3. Nf3 Nf6 4. Nc3 e6 5. e3 Nbd7 6. Qc2 Bd6 7. b3 0-0 8. Be2 dxc4 9. bxc4 e5 10. 0-0 Re8 11. Rd1 exd4 12. exd4 Nf8 13. Ne5 Qe7 14. f4 c5 15. Nb5 cxd4 16. Nxd6 Qxd6 17. c5 Qc7 18. Rxd4 Ne6 19. Rc4 b5 20. Rc3 Nd4 21. Qd3 Nxe2+ 22. Qxe2 Nd5 23. Rg3 Qxc5+ 24. Qf2 Qxf2+ 25. Kxf2 Bf5 26. Rb3 a6 27. Nf3 Re4 28. g3 f6 29. Bb2 Nb6 30. Nd2 Re7 31. Nf3 Be6 32. Rd3 Bc4 33. Rd2 Rae8 34. Nd4 Nd5 35. Ba3 Re4 36. Bb2 Nb4 37. Rad1 Nxa2 38. Nf5 Re2+ 39. Kg1 Rxd2 40. Rxd2 Be6 41. Nd4 Bc8 1/2-1/2

[Event "Moscow Petrosian Memorial U18"]
[Site "Moscow"]
[Date "1998.??.??"]
[Round "?"]
[White "Erenburg, Sergey"]
[Black "Dolinskij, Boris"]
[Result "1/2-1/2"]
[WhiteElo "2285"]
[BlackElo "2270"]
[PlyCount "104"]
[EventDate "1998.??.??"]
[EventType "swiss"]
[EventRounds "9"]
[EventCountry "RUS"]
[SourceTitle "EXT 1999"]
[Source "ChessBase"]
[SourceDate "1998.11.16"]
[SourceVersion "1"]
[SourceVersionDate "1998.11.16"]
[SourceQuality "1"]

1. e4 c5 2. c3 Nf6 3. e5 Nd5 4. d4 cxd4 5. Nf3 Nc6 6. Bc4 Nb6 7. Bb3 g6 8. cxd4 Bg7 9. d5 Nxe5 10. Nxe5 Bxe5 11. Bh6 d6 12. Nc3 Nd7 13. 0-0 Nc5 14. Bc2 Bf5 15. Rc1 Bxc2 16. Qxc2 Qd7 17. f4 Bd4+ 18. Kh1 f5 19. b4 Na6 20. Qd3 Bf6 21. a3 Kf7 22. Nb5 Rhc8 23. Rce1 Nc7 24. Nd4 Ne8 25. Re6 a5 26. Nxf5 axb4 27. axb4 Rc3 28. Qe4 Rca3 29. h3 Ra1 30. Rxa1 Rxa1+ 31. Kh2 Ra4 32. Ng3 Nc7 33. f5 Qb5 34. Qc2 Nxd5 35. Qc8 Qe8 36. Qxb7 Qa8 37. Qd7 Ra7 38. Qb5 gxf5 39. Re1 Ra2 40. Re2 Be5 41. Rxa2 Qxa2 42. Qd3 e6 43. Qf3 Ke7 44. b5 Qb2 45. Bg5+ Kd7 46. Qh5 Bxg3+ 47. Kxg3 Qe5+ 48. Kf2 Qd4+ 49. Kf1 Qa1+ 50. Kf2 Qd4+ 51. Kf1 Qa1+ 52. Kf2 Qd4+ 1/2-1/2

[Event "Moscow Petrosian Memorial U18"]
[Site "Moscow"]
[Date "1997.??.??"]
[Round "?"]
[White "Sedlak, Nikola"]
[Black "Dolinskij, Boris"]
[Result "1-0"]
[WhiteElo "2080"]
[BlackElo "2225"]
[PlyCount "96"]
[EventDate "1997.??.??"]
[EventType "swiss"]
[EventRounds "9"]
[EventCountry "RUS"]
[SourceTitle "EXT 1999"]
[Source "ChessBase"]
[SourceDate "1998.11.16"]
[SourceVersion "1"]
[SourceVersionDate "1998.11.16"]
[SourceQuality "1"]

1. e4 c5 2. Nf3 e6 3. d4 cxd4 4. Nxd4 Nc6 5. Nc3 Qc7 6. Be3 Nf6 7. Bd3 a6 8. 0-0 Bd6 9. h3 Bf4 10. Qd2 Bxe3 11. Qxe3 d6 12. Rae1 Bd7 13. f4 0-0-0 14. a3 Qb6 15. Nf5 Qxe3+ 16. Nxe3 Kc7 17. Rd1 Bc8 18. Ne2 b6 19. c4 Bb7 20. Nc3 Rd7 21. Rc1 Kb8 22. Bb1 Rc8 23. b4 h6 24. Na4 Ka7 25. c5 dxc5 26. bxc5 bxc5 27. Nxc5 Rdd8 28. Nxb7 Kxb7 29. e5 Ne8 30. Be4 Kb6 31. Rb1+ Ka7 32. Bf3 Rc7 33. Rfc1 Rdc8 34. Rd1 Nd8 35. Kf2 g5 36. fxg5 hxg5 37. Kg3 f5 38. exf6 Nxf6 39. Rd6 Ne8 40. Rd4 Nf6 41. Rdb4 Rd7 42. R4b3 Rdc7 43. Rd1 Nf7 44. Rdb1 Nd6 45. Rb4 Rd8 46. a4 a5 47. R4b2 Nde4+ 48. Kh2 Nd2 1-0

[Event "Moscow-ch"]
[Site "Moscow"]
[Date "1996.??.??"]
[Round "10"]
[White "Dolinskij, Boris"]
[Black "Ukolov, Aleksandr"]
[Result "1-0"]
[WhiteElo "2210"]
[BlackElo "2375"]
[PlyCount "89"]
[EventDate "1996.08.??"]
[EventType "swiss"]
[EventRounds "11"]
[EventCountry "RUS"]
[SourceTitle "CBM 055 Extra"]
[Source "ChessBase"]
[SourceDate "1997.01.01"]
[SourceVersion "1"]
[SourceVersionDate "1997.01.01"]
[SourceQuality "1"]

1. d4 Nf6 2. c4 g6 3. Nc3 Bg7 4. e4 d6 5. Be2 0-0 6. Nf3 e5 7. d5 a5 8. h3 Na6 9. Bg5 h6 10. Be3 Nc5 11. Nd2 Nh7 12. h4 h5 13. a3 f5 14. exf5 Bxf5 15. Bxc5 dxc5 16. Nde4 b6 17. Bd3 Bh6 18. Qe2 Rf7 19. f3 Bf4 20. g3 Bh6 21. Kd1 c6 22. dxc6 Nf8 23. g4 hxg4 24. fxg4 Bxg4 25. Qxg4 Qxd3+ 26. Ke1 Rd8 27. Qe2 Ne6 28. Qxd3 Rxd3 29. Nd5 Rd4 30. Nd6 Rf3 31. Rd1 Bf8 32. Rxd4 exd4 33. Ne4 Bg7 34. Rf1 Rxf1+ 35. Kxf1 Be5 36. Ng5 Nc7 37. Nxc7 Bxc7 38. Ne6 Be5 39. c7 Bxc7 40. Nxc7 Kf7 41. Kf2 Kf6 42. Kf3 Kf5 43. Nd5 d3 44. Ke3 Kg4 45. Ne7 1-0

[Event "Moscow-ch"]
[Site "Moscow"]
[Date "1996.??.??"]
[Round "1"]
[White "Dolinskij, Boris"]
[Black "Zakharov, Alexander S"]
[Result "0-1"]
[WhiteElo "2210"]
[BlackElo "2340"]
[PlyCount "122"]
[EventDate "1996.08.??"]
[EventType "swiss"]
[EventRounds "11"]
[EventCountry "RUS"]
[SourceTitle "CBM 055 Extra"]
[Source "ChessBase"]
[SourceDate "1997.01.01"]
[SourceVersion "1"]
[SourceVersionDate "1997.01.01"]
[SourceQuality "1"]

1. d4 d5 2. c4 dxc4 3. e3 Nf6 4. Bxc4 e6 5. Nf3 c5 6. 0-0 a6 7. Bd3 Nbd7 8. Qe2 b5 9. a4 b4 10. Nbd2 Bb7 11. Rd1 cxd4 12. exd4 Be7 13. Nb3 Bd5 14. Bc2 0-0 15. Be3 Rc8 16. Rac1 Qb6 17. Ne5 Qb7 18. f3 Qa8 19. Bg5 Bd6 20. Kh1 Qa7 21. Na5 g6 22. Bb1 Rxc1 23. Bxc1 Qc7 24. Nac4 Bxc4 25. Nxc4 Bxh2 26. g4 Bf4 27. Ba2 Bxc1 28. Rxc1 Qc6 29. Kh2 Qxa4 30. Bb1 Qb5 31. Bd3 Qg5 32. Qe3 Qh4+ 33. Kg2 Nd5 34. Qd2 Qf6 35. Be4 Rc8 36. b3 Qf4 37. Qxf4 Nxf4+ 38. Kf1 Nd5 39. Ra1 f5 40. gxf5 gxf5 41. Nd6 Rc3 42. Bxd5 exd5 43. Rxa6 Rxf3+ 44. Ke2 Rxb3 45. Ra8+ Nf8 46. Nxf5 Kf7 47. Nd6+ Ke6 48. Rxf8 Kxd6 49. Rf6+ Kc7 50. Rh6 Rc3 51. Kd2 Rc4 52. Kd3 b3 53. Rxh7+ Kc6 54. Rh8 Kb5 55. Rd8 Kb4 56. Ra8 b2 57. Rb8+ Ka3 58. Ra8+ Kb3 59. Rb8+ Rb4 60. Rxb4+ Kxb4 61. Kc2 Kc4 0-1

[Event "Moscow Alekhine op"]
[Site "Moscow"]
[Date "1996.??.??"]
[Round "5"]
[White "Yuferov, Sergey N"]
[Black "Dolinskij, Boris"]
[Result "1-0"]
[WhiteElo "2440"]
[BlackElo "2265"]
[PlyCount "69"]
[EventDate "1996.??.??"]
[EventType "swiss"]
[EventRounds "9"]
[EventCountry "RUS"]
[SourceTitle "EXT 1999"]
[Source "ChessBase"]
[SourceDate "1998.11.16"]
[SourceVersion "1"]
[SourceVersionDate "1998.11.16"]
[SourceQuality "1"]

1. d4 d5 2. c4 e6 3. Nf3 c6 4. e3 Nf6 5. Bd3 Nbd7 6. 0-0 Bd6 7. Nc3 e5 8. cxd5 cxd5 9. Nb5 Bb8 10. dxe5 Nxe5 11. Be2 0-0 12. b3 Bd7 13. Nbd4 Qe7 14. Bb2 Bc7 15. Rc1 Nxf3+ 16. Nxf3 Bc6 17. Qd4 Rfe8 18. Qh4 Nd7 19. Qxe7 Rxe7 20. Nd4 Be5 21. Ba3 Ree8 22. Nxc6 bxc6 23. Rxc6 d4 24. Rd1 Nf6 25. exd4 Bxh2+ 26. Kf1 Bf4 27. g3 Bg5 28. Bf3 Rad8 29. d5 Rd7 30. d6 Red8 31. Rc7 Ne8 32. Rxd7 Rxd7 33. Bc6 Rd8 34. Bc5 a6 35. d7 1-0

[Event "Moscow-ch"]
[Site "Moscow"]
[Date "1996.??.??"]
[Round "9"]
[White "Zhurina, Elizaveta"]
[Black "Dolinskij, Boris"]
[Result "0-1"]
[WhiteElo "2310"]
[BlackElo "2210"]
[PlyCount "77"]
[EventDate "1996.08.??"]
[EventType "swiss"]
[EventRounds "11"]
[EventCountry "RUS"]
[SourceTitle "CBM 055 Extra"]
[Source "ChessBase"]
[SourceDate "1997.01.01"]
[SourceVersion "1"]
[SourceVersionDate "1997.01.01"]
[SourceQuality "1"]

1. d4 Nf6 2. c4 e6 3. Nc3 Bb4 4. Qc2 c5 5. dxc5 Na6 6. a3 Bxc3+ 7. Qxc3 Nxc5 8. f3 a5 9. Bg5 a4 10. Nh3 d6 11. e4 h6 12. Be3 Qa5 13. Qb4 Nb3 14. Qxa5 Rxa5 15. Rd1 Ke7 16. Bb6 Ra8 17. Be2 Bd7 18. 0-0 Rac8 19. Be3 Rc6 20. Nf2 Nc5 21. Nd3 Nxd3 22. Bxd3 e5 23. Bd2 Be6 24. Bb4 Rd8 25. f4 Ng4 26. Rfe1 exf4 27. e5 Ne3 28. exd6+ Kf6 29. Rc1 Bf5 30. Rxe3 fxe3 31. Rf1 g6 32. g4 Rcxd6 33. Bxd6 Rxd6 34. Bxf5 e2 35. Re1 Rd1 36. Kf2 Rxe1 37. Kxe1 gxf5 38. gxf5 Kxf5 39. Kxe2 0-1